| 000 | 00969nam a22002655i 4500 | ||
|---|---|---|---|
| 001 | 153783 | ||
| 003 | ES-MaACL | ||
| 005 | 20260201140353.0 | ||
| 008 | 940301s1882 sp |||| | spa d | ||
| 040 |
_aAS _bspa |
||
| 110 | 1 |
_aEspaña _93622 |
|
| 240 | 1 | 0 | _aLeyes, etc. agrícolas |
| 245 | 1 | 0 |
_aManual de legislación agrícola _b: disposiciones vigentes relativas al servicio agronómico de España / _crecopiladas y anotadas por Rogelio Valledor y Lorenzo Nicolás Quintana. |
| 260 |
_aMadrid : _b[s.n.], _c1882 ( _fEstablecimiento tipográfico de M.P. Montoya y Compañía) |
||
| 300 |
_a379 p. ; _c23 cm. |
||
| 597 | _aAntep. | ||
| 597 | _aPort. a dos tintas. | ||
| 597 | _aSignaturizado. | ||
| 650 | 7 |
_aAgricultura- _zEspaña- _vLegislación _2 _9160451 |
|
| 700 | 1 |
_aValledor, Rogelio. _9112827 |
|
| 700 | 1 |
_aQuintana, Lorenzo Nicolás. _9131527 |
|
| 752 |
_aEspaña - _dMadrid |
||
| 852 |
_aES-MaACL _jG-12726 _z-- Enc. hol. |
||
| 999 |
_c153783 _d153783 |
||